Meditaciones y glosas sobre Gabriel Miró / (Record no. 143507)

MARC details
000 -LEADER
campo de control de longitud fija 00510nam a2200169 i 4500
001 - NÚMERO DE CONTROL
campo de control 143507
003 - IDENTIFICADOR DE NÚMERO DE CONTROL
campo de control ES-MaACL
005 - FECHA Y HORA DE LA ÚLTIMA TRANSACCIÓN
campo de control 20230906200833.0
007 - CAMPO FIJO DE DESCRIPCIÓN FÍSICA--INFORMACIÓN GENERAL
campo de control de longitud fija t|
008 - DATOS DE LONGITUD FIJA--INFORMACIÓN GENERAL
campo de control de longitud fija 070214s1979 sp f |||| | spa d
100 1# - ENTRADA PRINCIPAL--NOMBRE DE PERSONA
Nombre de persona Sequeros, Antonio.
9 (RLIN) 105512
245 10 - MENCIÓN DEL TÍTULO
Título Meditaciones y glosas sobre Gabriel Miró /
Mención de responsabilidad, etc. Antonio Sequeros.
260 ## - PUBLICACIÓN, DISTRIBUCIÓN, ETC.
Lugar de publicación, distribución, etc. Orihuela :
Nombre del editor, distribuidor, etc. Lit. Zerón,
Fecha de publicación, distribución, etc. 1979.
300 ## - DESCRIPCIÓN FÍSICA
Extensión 113 p., 1 lám. ;
Dimensiones 22 cm.
600 14 - PUNTO DE ACCESO ADICIONAL DE MATERIA--NOMBRE DE PERSONA
Nombre de persona Miró, Gabriel-
Subdivisión general Crítica e interpretación.
9 (RLIN) 81603
852 ## - LOCALIZACIÓN
Ubicación ES-MaACL
Número de control de estantería L-782
Holdings
Estatus retirado Estado de pérdida Estado de daño No para préstamo Biblioteca de origen Biblioteca actual Ubicación en estantería Fecha de adquisición Fuente de adquisición Total de préstamos Signatura topográfica completa Código de barras Visto por última vez Precio de reemplazo Tipo de ítem Koha
        Biblioteca del Ateneo de Madrid Biblioteca del Ateneo de Madrid Depósito 2 17/01/2008     L-782 1149308 23/02/2023 23/02/2023 Libro impreso